Property law / (Record no. 4117)

000 -LEADER
fixed length control field 00957cam a2200301 i 4500
001 - CONTROL NUMBER
control field 19576776
003 - CONTROL NUMBER IDENTIFIER
control field OSt
005 - DATE AND TIME OF LATEST TRANSACTION
control field 20190509140347.0
008 - FIXED-LENGTH DATA ELEMENTS--GENERAL INFORMATION
fixed length control field 170330s2016 ke b 001 0 eng
010 ## - LIBRARY OF CONGRESS CONTROL NUMBER
LC control number 2016343225
020 ## - INTERNATIONAL STANDARD BOOK NUMBER
International Standard Book Number 9789966054180
040 ## - CATALOGING SOURCE
Original cataloging agency DLC
Language of cataloging eng
Description conventions rda
Transcribing agency DLC
042 ## - AUTHENTICATION CODE
Authentication code lcode
-- pcc
043 ## - GEOGRAPHIC AREA CODE
Geographic area code f-ke---
050 00 - LIBRARY OF CONGRESS CALL NUMBER
Classification number KSK640.K37 2016
100 1# - MAIN ENTRY--PERSONAL NAME
Personal name Kariuki, Francis,
Relator term author.
245 10 - TITLE STATEMENT
Title Property law /
Statement of responsibility, etc Francis Kariuki, Smith Ouma, Raphael Ng'etich.
260 ## - PUBLICATION, DISTRIBUTION, ETC. (IMPRINT)
Place of publication, distribution, etc Nairobi
Name of publisher, distributor, etc Strathmore University Press
Date of publication, distribution, etc 2016
300 ## - PHYSICAL DESCRIPTION
Extent xxxix, 478 pages ;
Dimensions 24 cm
504 ## - BIBLIOGRAPHY, ETC. NOTE
Bibliography, etc Includes bibliographical references (pages 429-458) and index.
650 #0 - SUBJECT ADDED ENTRY--TOPICAL TERM
Topical term or geographic name as entry element Property
Geographic subdivision Kenya.
650 #0 - SUBJECT ADDED ENTRY--TOPICAL TERM
Topical term or geographic name as entry element Property.
700 1# - ADDED ENTRY--PERSONAL NAME
Personal name Ouma, Smith,
Relator term author.
700 1# - ADDED ENTRY--PERSONAL NAME
Personal name Ng'etich, Raphael,
Relator term author.
906 ## - LOCAL DATA ELEMENT F, LDF (RLIN)
a 7
b cbc
c origode
d 2
e ncip
f 20
g y-gencatlg
942 ## - ADDED ENTRY ELEMENTS (KOHA)
Source of classification or shelving scheme
Koha item type Book
Holdings
Withdrawn status Lost status Source of classification or shelving scheme Damaged status Not for loan Home library Current library Shelving location Date acquired Total Checkouts Total Renewals Full call number Barcode Date last seen Date checked out Copy number Price effective from Koha item type
          Riara University Library Riara University Library General stack 09/05/2019 12 2 KSK640.K37 2016 10207/19 22/01/2026 11/02/2025 C.1 09/05/2019 Book
          Riara University Library Riara University Library General stack 09/05/2019 10 3 KSK640.K37 2016 10208/19 01/08/2025 08/07/2025 C.2 09/05/2019 Book
          Riara University Library Riara University Library General stack 09/05/2019 8 2 KSK640.K37 2016 10209/19 28/08/2024 07/08/2024 C.3 09/05/2019 Book

Riara University Library,
P.O. Box 49940-00100,
Nairobi, Kenya.